[Event "April 9 Early 2024"]
[Site "Chess.com"]
[Date "2024.04.09"]
[Round "9"]
[White "Donatti, Alvaro"]
[Black "Alcazar Jimenez, Jesus Alberto"]
[Result "0-1"]
[Board "173"]
[WhiteFideId "3000303"]
[BlackFideId "2209756"]
[BlackTitle "FM"]
[WhiteElo "2165"]
[BlackElo "2329"]
[WhiteTeam "URU"]
[BlackTeam "ESP"]
[WhiteClock "0:00:00"]
[BlackClock "0:00:11"]
[Variant "Standard"]

1. e4 {[%clk 0:03:00]}  c5 {[%clk 0:02:56]} 2. Nf3 {[%clk 0:03:00]}  e6 {[%clk 0:02:55]} 3. d4 {[%clk 0:02:59]}  cxd4 {[%clk 0:02:54]} 4. Nxd4 {[%clk 0:02:59]}  Nf6 {[%clk 0:02:55]} 5. Nc3 {[%clk 0:02:53]}  Nc6 {[%clk 0:02:54]} 6. g3 {[%clk 0:02:50]}  d6 {[%clk 0:02:52]} 7. Bg2 {[%clk 0:02:49]}  Bd7 {[%clk 0:02:51]} 8. O-O {[%clk 0:02:49]}  Be7 {[%clk 0:02:49]} 9. f4 {[%clk 0:02:49]}  Rc8 {[%clk 0:02:41]} 10. Be3 {[%clk 0:02:47]}  Qa5 {[%clk 0:02:20]} 11. Nb3 {[%clk 0:02:34]}  Qa6 {[%clk 0:02:15]} 12. g4 {[%clk 0:02:14]}  d5 {[%clk 0:01:40]} 13. exd5 {[%clk 0:01:37]}  exd5 {[%clk 0:01:37]} 14. f5 {[%clk 0:01:33]}  Qc4 {[%clk 0:01:27]} 15. Rf4 {[%clk 0:01:25]}  Qa6 {[%clk 0:01:15]} 16. Ra4 {[%clk 0:01:11]}  Qxa4 {[%clk 0:01:00]} 17. Nxa4 {[%clk 0:01:11]}  Ne5 {[%clk 0:00:58]} 18. Nac5 {[%clk 0:01:03]}  Bc6 {[%clk 0:00:58]} 19. g5 {[%clk 0:00:57]}  Nfg4 {[%clk 0:00:58]} 20. Bd4 {[%clk 0:00:55]}  Bxg5 {[%clk 0:00:51]} 21. h3 {[%clk 0:00:50]}  Ne3 {[%clk 0:00:48]} 22. Bxe3 {[%clk 0:00:48]}  Bxe3+ {[%clk 0:00:48]} 23. Kh1 {[%clk 0:00:43]}  O-O {[%clk 0:00:45]} 24. Qe2 {[%clk 0:00:34]}  Bf4 {[%clk 0:00:38]} 25. Rf1 {[%clk 0:00:28]}  Bg3 {[%clk 0:00:38]} 26. f6 {[%clk 0:00:19]}  Ng6 {[%clk 0:00:34]} 27. fxg7 {[%clk 0:00:18]}  Kxg7 {[%clk 0:00:34]} 28. Qf3 {[%clk 0:00:15]}  Be5 {[%clk 0:00:33]} 29. Qg4 {[%clk 0:00:11]}  b6 {[%clk 0:00:25]} 30. Nd7 {[%clk 0:00:10]}  Bxb2 {[%clk 0:00:20]} 31. Nxf8 {[%clk 0:00:08]}  Rxf8 {[%clk 0:00:21]} 32. Nd4 {[%clk 0:00:06]}  Bb7 {[%clk 0:00:15]} 33. Nf5+ {[%clk 0:00:05]}  Kg8 {[%clk 0:00:15]} 34. Nd6 {[%clk 0:00:05]}  Bc6 {[%clk 0:00:13]} 35. Nxf7 {[%clk 0:00:03]}  Rxf7 {[%clk 0:00:13]} 36. Qc8+ {[%clk 0:00:03]}  Kg7 {[%clk 0:00:12]} 37. Qxc6 {[%clk 0:00:04]}  Bf6 {[%clk 0:00:12]} 38. Qxd5 {[%clk 0:00:02]}  Re7 {[%clk 0:00:12]} 39. Qd6 {[%clk 0:00:00]}  Be5 {[%clk 0:00:11]} 0-1

[Event "April 9 Early 2024"]
[Site "Chess.com"]
[Date "2024.04.09"]
[Round "9"]
[White "Mamedjarova, Turkan"]
[Black "Misailovic, Nebojsa"]
[Result "1/2-1/2"]
[Board "176"]
[WhiteFideId "13402005"]
[BlackFideId "903175"]
[WhiteTitle "WGM"]
[BlackTitle "IM"]
[WhiteElo "2245"]
[BlackElo "2463"]
[WhiteTeam "AZE"]
[BlackTeam "SRB"]
[WhiteClock "0:00:30"]
[BlackClock "0:00:17"]
[Variant "Standard"]

1. e4 {[%clk 0:03:00]}  e6 {[%clk 0:02:53]} 2. d4 {[%clk 0:02:59]}  d5 {[%clk 0:02:53]} 3. Nd2 {[%clk 0:03:00]}  Nf6 {[%clk 0:02:52]} 4. e5 {[%clk 0:03:00]}  Ne4 {[%clk 0:02:53]} 5. Nxe4 {[%clk 0:02:53]}  dxe4 {[%clk 0:02:54]} 6. f3 {[%clk 0:02:53]}  exf3 {[%clk 0:02:46]} 7. Nxf3 {[%clk 0:02:51]}  c5 {[%clk 0:02:46]} 8. Bb5+ {[%clk 0:02:51]}  Bd7 {[%clk 0:02:45]} 9. Bxd7+ {[%clk 0:02:50]}  Nxd7 {[%clk 0:02:42]} 10. c3 {[%clk 0:02:48]}  cxd4 {[%clk 0:02:39]} 11. cxd4 {[%clk 0:02:49]}  Bb4+ {[%clk 0:02:39]} 12. Bd2 {[%clk 0:02:49]}  Qb6 {[%clk 0:02:34]} 13. O-O {[%clk 0:02:39]}  O-O {[%clk 0:02:31]} 14. Kh1 {[%clk 0:02:38]}  Rac8 {[%clk 0:02:27]} 15. a3 {[%clk 0:02:35]}  Bxd2 {[%clk 0:02:19]} 16. Qxd2 {[%clk 0:02:35]}  Qb3 {[%clk 0:02:14]} 17. Rac1 {[%clk 0:02:28]}  Nb6 {[%clk 0:02:10]} 18. Ng5 {[%clk 0:01:59]}  h6 {[%clk 0:01:55]} 19. Ne4 {[%clk 0:01:58]}  Nc4 {[%clk 0:01:43]} 20. Qf4 {[%clk 0:01:54]}  Qxb2 {[%clk 0:01:23]} 21. Rb1 {[%clk 0:01:54]}  Qe2 {[%clk 0:01:08]} 22. Rf2 {[%clk 0:01:17]}  Qe3 {[%clk 0:01:06]} 23. Rxb7 {[%clk 0:01:14]}  Qxf4 {[%clk 0:01:05]} 24. Rxf4 {[%clk 0:01:13]}  Nxe5 {[%clk 0:01:00]} 25. h3 {[%clk 0:01:10]}  Nc6 {[%clk 0:00:46]} 26. Rfxf7 {[%clk 0:00:55]}  Rxf7 {[%clk 0:00:41]} 27. Rxf7 {[%clk 0:00:55]}  Nxd4 {[%clk 0:00:41]} 28. Rxa7 {[%clk 0:00:54]}  Rc2 {[%clk 0:00:32]} 29. a4 {[%clk 0:00:53]}  Ra2 {[%clk 0:00:31]} 30. a5 {[%clk 0:00:51]}  Ne2 {[%clk 0:00:31]} 31. a6 {[%clk 0:00:50]}  Nf4 {[%clk 0:00:31]} 32. Ra8+ {[%clk 0:00:48]}  Kh7 {[%clk 0:00:31]} 33. a7 {[%clk 0:00:44]}  h5 {[%clk 0:00:20]} 34. Rf8 {[%clk 0:00:43]}  Rxa7 {[%clk 0:00:16]} 35. Rxf4 {[%clk 0:00:42]}  g6 {[%clk 0:00:16]} 36. Ng5+ {[%clk 0:00:41]}  Kh6 {[%clk 0:00:16]} 37. Nxe6 {[%clk 0:00:41]}  Re7 {[%clk 0:00:16]} 38. Nd4 {[%clk 0:00:40]}  Re1+ {[%clk 0:00:16]} 39. Kh2 {[%clk 0:00:40]}  Rd1 {[%clk 0:00:17]} 40. h4 {[%clk 0:00:38]}  Rd2 {[%clk 0:00:17]} 41. Kh3 {[%clk 0:00:37]}  Kg7 {[%clk 0:00:16]} 42. g3 {[%clk 0:00:35]}  Rd3 {[%clk 0:00:17]} 43. Nf3 {[%clk 0:00:35]}  Ra3 {[%clk 0:00:17]} 44. Ng5 {[%clk 0:00:34]}  Kh6 {[%clk 0:00:17]} 45. Rf7 {[%clk 0:00:34]}  Rxg3+ {[%clk 0:00:17]} 46. Kh2 {[%clk 0:00:31]}  Rg2+ {[%clk 0:00:16]} 47. Kh1 {[%clk 0:00:29]}  Rg1+ {[%clk 0:00:17]} 48. Kh2 {[%clk 0:00:30]}  Rg2+ {[%clk 0:00:17]} 49. Kxg2 {[%clk 0:00:30]} 1/2-1/2

[Event "April 9 Early 2024"]
[Site "Chess.com"]
[Date "2024.04.09"]
[Round "9"]
[White "Koridze, Lile"]
[Black "Ilimbek Esenbek Uulu"]
[Result "1-0"]
[Board "180"]
[WhiteFideId "13612514"]
[BlackFideId "13800680"]
[WhiteTitle "WFM"]
[WhiteElo "2352"]
[BlackElo "2217"]
[WhiteTeam "GEO"]
[BlackTeam "KGZ"]
[WhiteClock "0:01:50"]
[BlackClock "0:00:05"]
[Variant "Standard"]

1. d4 {[%clk 0:03:00]}  Nf6 {[%clk 0:02:58]} 2. c4 {[%clk 0:03:01]}  e6 {[%clk 0:02:58]} 3. Nf3 {[%clk 0:03:00]}  c5 {[%clk 0:02:58]} 4. d5 {[%clk 0:03:00]}  exd5 {[%clk 0:02:59]} 5. cxd5 {[%clk 0:03:01]}  d6 {[%clk 0:03:00]} 6. Nc3 {[%clk 0:03:01]}  g6 {[%clk 0:03:00]} 7. Nd2 {[%clk 0:03:02]}  Bg7 {[%clk 0:02:59]} 8. Nc4 {[%clk 0:03:02]}  O-O {[%clk 0:03:00]} 9. Bg5 {[%clk 0:03:01]}  h6 {[%clk 0:02:56]} 10. Bh4 {[%clk 0:02:59]}  a6 {[%clk 0:02:52]} 11. a4 {[%clk 0:02:58]}  Qc7 {[%clk 0:02:46]} 12. Bg3 {[%clk 0:02:58]}  Ne8 {[%clk 0:02:43]} 13. e4 {[%clk 0:02:56]}  f5 {[%clk 0:02:39]} 14. exf5 {[%clk 0:02:55]}  Bxf5 {[%clk 0:02:37]} 15. Be2 {[%clk 0:02:56]}  Nd7 {[%clk 0:02:34]} 16. O-O {[%clk 0:02:56]}  Rb8 {[%clk 0:02:30]} 17. Qd2 {[%clk 0:02:51]}  b5 {[%clk 0:02:29]} 18. axb5 {[%clk 0:02:49]}  axb5 {[%clk 0:02:30]} 19. Na5 {[%clk 0:02:48]}  b4 {[%clk 0:02:30]} 20. Nd1 {[%clk 0:02:48]}  Ra8 {[%clk 0:02:07]} 21. Nb3 {[%clk 0:02:46]}  Rxa1 {[%clk 0:02:04]} 22. Nxa1 {[%clk 0:02:46]}  Nef6 {[%clk 0:01:59]} 23. Bf3 {[%clk 0:02:33]}  Ra8 {[%clk 0:01:25]} 24. Nc2 {[%clk 0:02:32]}  Ne4 {[%clk 0:01:13]} 25. Bxe4 {[%clk 0:02:27]}  Bxe4 {[%clk 0:01:14]} 26. Nce3 {[%clk 0:02:28]}  Nb6 {[%clk 0:01:06]} 27. f3 {[%clk 0:02:24]}  Bf5 {[%clk 0:00:45]} 28. Nxf5 {[%clk 0:02:24]}  gxf5 {[%clk 0:00:46]} 29. Ne3 {[%clk 0:02:19]}  Bd4 {[%clk 0:00:43]} 30. Kh1 {[%clk 0:02:19]}  Rf8 {[%clk 0:00:39]} 31. Nc2 {[%clk 0:02:15]}  Bg7 {[%clk 0:00:38]} 32. Rc1 {[%clk 0:02:11]}  Nc4 {[%clk 0:00:38]} 33. Qe2 {[%clk 0:02:09]}  Nxb2 {[%clk 0:00:37]} 34. Nxb4 {[%clk 0:02:06]}  Qd7 {[%clk 0:00:27]} 35. Nc6 {[%clk 0:02:04]}  Re8 {[%clk 0:00:26]} 36. Qc2 {[%clk 0:02:02]}  c4 {[%clk 0:00:23]} 37. h3 {[%clk 0:02:01]}  Nd3 {[%clk 0:00:23]} 38. Rd1 {[%clk 0:02:01]}  f4 {[%clk 0:00:20]} 39. Bh4 {[%clk 0:01:56]}  Ne5 {[%clk 0:00:20]} 40. Nxe5 {[%clk 0:01:55]}  Bxe5 {[%clk 0:00:20]} 41. Qxc4 {[%clk 0:01:55]}  Rb8 {[%clk 0:00:19]} 42. Qe4 {[%clk 0:01:54]}  Kg7 {[%clk 0:00:18]} 43. Bf2 {[%clk 0:01:51]}  Rb2 {[%clk 0:00:17]} 44. Bd4 {[%clk 0:01:51]}  Qe7 {[%clk 0:00:05]} 45. Bxb2 {[%clk 0:01:50]} 1-0

[Event "April 9 Early 2024"]
[Site "Chess.com"]
[Date "2024.04.09"]
[Round "9"]
[White "Ivanov, Aleksandr"]
[Black "Bielinski, Dariusz"]
[Result "1-0"]
[Board "182"]
[WhiteFideId "2092980"]
[BlackFideId "1109383"]
[BlackTitle "CM"]
[WhiteElo "2201"]
[BlackElo "2311"]
[WhiteTeam "USA"]
[BlackTeam "POL"]
[WhiteClock "0:00:11"]
[BlackClock "0:00:00"]
[Variant "Standard"]

1. d4 {[%clk 0:03:00]}  d6 {[%clk 0:02:56]} 2. Nf3 {[%clk 0:02:59]}  g6 {[%clk 0:02:54]} 3. c4 {[%clk 0:02:58]}  Bg7 {[%clk 0:02:55]} 4. e4 {[%clk 0:02:55]}  e5 {[%clk 0:02:51]} 5. Nc3 {[%clk 0:02:52]}  Bg4 {[%clk 0:02:50]} 6. d5 {[%clk 0:02:46]}  Nd7 {[%clk 0:02:48]} 7. Be2 {[%clk 0:02:45]}  Bxf3 {[%clk 0:02:49]} 8. Bxf3 {[%clk 0:02:44]}  h5 {[%clk 0:02:49]} 9. O-O {[%clk 0:02:35]}  a5 {[%clk 0:02:44]} 10. Be3 {[%clk 0:02:29]}  Bh6 {[%clk 0:02:44]} 11. Qd2 {[%clk 0:02:21]}  Kf8 {[%clk 0:02:43]} 12. b3 {[%clk 0:02:09]}  Kg7 {[%clk 0:02:42]} 13. a3 {[%clk 0:02:08]}  Nc5 {[%clk 0:02:21]} 14. Rab1 {[%clk 0:02:01]}  a4 {[%clk 0:02:19]} 15. b4 {[%clk 0:02:00]}  Nb3 {[%clk 0:02:19]} 16. Qd3 {[%clk 0:01:45]}  Nd4 {[%clk 0:01:56]} 17. Bxd4 {[%clk 0:01:42]}  exd4 {[%clk 0:01:57]} 18. Qxd4+ {[%clk 0:01:41]}  Qf6 {[%clk 0:01:55]} 19. Qxf6+ {[%clk 0:01:02]}  Nxf6 {[%clk 0:01:56]} 20. Rfe1 {[%clk 0:01:00]}  Nd7 {[%clk 0:01:54]} 21. Nb5 {[%clk 0:00:46]}  Ne5 {[%clk 0:01:39]} 22. Be2 {[%clk 0:00:40]}  Rac8 {[%clk 0:01:13]} 23. g3 {[%clk 0:00:32]}  h4 {[%clk 0:00:58]} 24. f4 {[%clk 0:00:27]}  Nd7 {[%clk 0:00:59]} 25. Kg2 {[%clk 0:00:22]}  f5 {[%clk 0:00:54]} 26. exf5 {[%clk 0:00:18]}  gxf5 {[%clk 0:00:55]} 27. Bd3 {[%clk 0:00:17]}  Nb6 {[%clk 0:00:31]} 28. Re7+ {[%clk 0:00:15]}  Kf6 {[%clk 0:00:00]} 29. Rbe1 {[%clk 0:00:11]} 1-0

[Event "April 9 Early 2024"]
[Site "Chess.com"]
[Date "2024.04.10"]
[Round "9"]
[White "Clawitter, Craig"]
[Black "Guevara Sanchez, Erick Marvin"]
[Result "1/2-1/2"]
[Board "183"]
[WhiteFideId "2023105"]
[BlackFideId "6700136"]
[BlackTitle "FM"]
[WhiteElo "2266"]
[BlackElo "2186"]
[WhiteTeam "USA"]
[BlackTeam "ESA"]
[WhiteClock "0:00:17"]
[BlackClock "0:00:00"]
[Variant "Standard"]

1. e4 {[%clk 0:02:41]}  c5 {[%clk 0:02:53]} 2. Nf3 {[%clk 0:02:41]}  Nc6 {[%clk 0:02:51]} 3. d4 {[%clk 0:02:42]}  cxd4 {[%clk 0:02:45]} 4. Nxd4 {[%clk 0:02:43]}  Nf6 {[%clk 0:02:45]} 5. Nc3 {[%clk 0:02:43]}  e5 {[%clk 0:02:44]} 6. Ndb5 {[%clk 0:02:43]}  d6 {[%clk 0:02:43]} 7. Bg5 {[%clk 0:02:44]}  a6 {[%clk 0:02:41]} 8. Na3 {[%clk 0:02:44]}  Be7 {[%clk 0:02:18]} 9. Bxf6 {[%clk 0:02:31]}  Bxf6 {[%clk 0:02:18]} 10. Nc4 {[%clk 0:02:31]}  Be7 {[%clk 0:02:16]} 11. Bd3 {[%clk 0:02:25]}  O-O {[%clk 0:02:12]} 12. O-O {[%clk 0:02:25]}  f5 {[%clk 0:02:07]} 13. exf5 {[%clk 0:02:17]}  d5 {[%clk 0:02:06]} 14. f6 {[%clk 0:01:54]}  Bxf6 {[%clk 0:01:16]} 15. Nxd5 {[%clk 0:01:53]}  e4 {[%clk 0:01:11]} 16. Bxe4 {[%clk 0:01:31]}  g6 {[%clk 0:01:09]} 17. c3 {[%clk 0:01:21]}  Bg7 {[%clk 0:01:06]} 18. Ndb6 {[%clk 0:01:05]}  Rb8 {[%clk 0:01:06]} 19. Qxd8 {[%clk 0:01:04]}  Rxd8 {[%clk 0:01:07]} 20. Rfd1 {[%clk 0:01:02]}  Be6 {[%clk 0:00:54]} 21. Bd5 {[%clk 0:00:53]}  Bxd5 {[%clk 0:00:50]} 22. Rxd5 {[%clk 0:00:52]}  Rxd5 {[%clk 0:00:45]} 23. Nxd5 {[%clk 0:00:53]}  b5 {[%clk 0:00:45]} 24. Nce3 {[%clk 0:00:42]}  b4 {[%clk 0:00:40]} 25. Kf1 {[%clk 0:00:14]}  Kf7 {[%clk 0:00:33]} 26. Rc1 {[%clk 0:00:11]}  bxc3 {[%clk 0:00:29]} 27. bxc3 {[%clk 0:00:12]}  Ne5 {[%clk 0:00:29]} 28. c4 {[%clk 0:00:12]}  Rb2 {[%clk 0:00:24]} 29. c5 {[%clk 0:00:11]}  Nc6 {[%clk 0:00:23]} 30. Rc2 {[%clk 0:00:10]}  a5 {[%clk 0:00:19]} 31. Rxb2 {[%clk 0:00:10]}  Bxb2 {[%clk 0:00:18]} 32. Ke2 {[%clk 0:00:08]}  Ke6 {[%clk 0:00:17]} 33. Kd3 {[%clk 0:00:06]}  Ke5 {[%clk 0:00:17]} 34. f4+ {[%clk 0:00:06]}  Ke6 {[%clk 0:00:15]} 35. Nc3 {[%clk 0:00:06]}  Bc1 {[%clk 0:00:11]} 36. a3 {[%clk 0:00:04]}  Bxa3 {[%clk 0:00:09]} 37. Nc4 {[%clk 0:00:04]}  Bc1 {[%clk 0:00:08]} 38. Nxa5 {[%clk 0:00:02]}  Nxa5 {[%clk 0:00:07]} 39. Ne4 {[%clk 0:00:03]}  Bxf4 {[%clk 0:00:04]} 40. g3 {[%clk 0:00:03]}  Bc7 {[%clk 0:00:04]} 41. c6 {[%clk 0:00:04]}  Nxc6 {[%clk 0:00:04]} 42. Ng5+ {[%clk 0:00:05]}  Kf5 {[%clk 0:00:03]} 43. Nxh7 {[%clk 0:00:06]}  Bd8 {[%clk 0:00:02]} 44. Nf8 {[%clk 0:00:05]}  Ne5+ {[%clk 0:00:02]} 45. Ke3 {[%clk 0:00:05]}  Kf6 {[%clk 0:00:02]} 46. Nxg6 {[%clk 0:00:04]}  Nxg6 {[%clk 0:00:02]} 47. Kf2 {[%clk 0:00:05]}  Kg5 {[%clk 0:00:02]} 48. Kg2 {[%clk 0:00:06]}  Kg4 {[%clk 0:00:03]} 49. Kf2 {[%clk 0:00:07]}  Bc7 {[%clk 0:00:02]} 50. Ke2 {[%clk 0:00:07]}  Kh3 {[%clk 0:00:02]} 51. Kd3 {[%clk 0:00:08]}  Kxh2 {[%clk 0:00:03]} 52. Kc4 {[%clk 0:00:09]}  Kxg3 {[%clk 0:00:03]} 53. Kd5 {[%clk 0:00:10]}  Kf4 {[%clk 0:00:04]} 54. Kc6 {[%clk 0:00:11]}  Be5 {[%clk 0:00:04]} 55. Kd5 {[%clk 0:00:11]}  Bf6 {[%clk 0:00:04]} 56. Kc6 {[%clk 0:00:12]}  Ke5 {[%clk 0:00:04]} 57. Kb5 {[%clk 0:00:13]}  Kd5 {[%clk 0:00:04]} 58. Kb4 {[%clk 0:00:13]}  Bd4 {[%clk 0:00:04]} 59. Ka4 {[%clk 0:00:14]}  Nf4 {[%clk 0:00:04]} 60. Kb3 {[%clk 0:00:14]}  Ne2 {[%clk 0:00:04]} 61. Kc2 {[%clk 0:00:15]}  Ke4 {[%clk 0:00:02]} 62. Kd1 {[%clk 0:00:16]}  Kd3 {[%clk 0:00:02]} 63. Ke1 {[%clk 0:00:17]}  Ke3 {[%clk 0:00:01]} 64. Kf1 {[%clk 0:00:17]}  Bc3 {[%clk 0:00:00]} 65. Kg2 {[%clk 0:00:17]} 1/2-1/2

[Event "April 9 Early 2024"]
[Site "Chess.com"]
[Date "2024.04.09"]
[Round "9"]
[White "Blokhin, Sofia"]
[Black "Shyam Gandhi"]
[Result "0-1"]
[Board "184"]
[WhiteFideId "4508190"]
[BlackFideId "2052008"]
[WhiteTitle "WFM"]
[WhiteElo "2260"]
[BlackElo "2183"]
[WhiteTeam "EST"]
[BlackTeam "USA"]
[WhiteClock "0:00:00"]
[BlackClock "0:00:15"]
[Variant "Standard"]

1. d4 {[%clk 0:03:00]}  Nf6 {[%clk 0:02:59]} 2. c4 {[%clk 0:02:57]}  e5 {[%clk 0:02:59]} 3. dxe5 {[%clk 0:02:56]}  Ng4 {[%clk 0:03:00]} 4. Nf3 {[%clk 0:02:53]}  Nc6 {[%clk 0:03:00]} 5. e3 {[%clk 0:02:50]}  Bb4+ {[%clk 0:02:54]} 6. Nc3 {[%clk 0:02:47]}  Bxc3+ {[%clk 0:02:54]} 7. bxc3 {[%clk 0:02:47]}  Qe7 {[%clk 0:02:50]} 8. Bd3 {[%clk 0:02:40]}  Ncxe5 {[%clk 0:02:49]} 9. Be2 {[%clk 0:02:24]}  d6 {[%clk 0:02:34]} 10. h3 {[%clk 0:02:22]}  Nxf3+ {[%clk 0:02:28]} 11. Bxf3 {[%clk 0:02:20]}  Ne5 {[%clk 0:02:29]} 12. Be2 {[%clk 0:02:14]}  Be6 {[%clk 0:02:28]} 13. O-O {[%clk 0:02:08]}  Nxc4 {[%clk 0:02:15]} 14. Rb1 {[%clk 0:01:48]}  c6 {[%clk 0:02:09]} 15. Qa4 {[%clk 0:01:40]}  b5 {[%clk 0:01:56]} 16. Qa6 {[%clk 0:01:29]}  Qc7 {[%clk 0:01:37]} 17. Bf3 {[%clk 0:01:19]}  Ne5 {[%clk 0:01:30]} 18. Be4 {[%clk 0:01:07]}  Bc4 {[%clk 0:01:19]} 19. f4 {[%clk 0:00:58]}  d5 {[%clk 0:01:09]} 20. Bc2 {[%clk 0:00:43]}  Bxf1 {[%clk 0:01:00]} 21. fxe5 {[%clk 0:00:41]}  Bc4 {[%clk 0:00:59]} 22. Ba3 {[%clk 0:00:37]}  c5 {[%clk 0:00:51]} 23. Rxb5 {[%clk 0:00:31]}  O-O {[%clk 0:00:40]} 24. Rb7 {[%clk 0:00:26]}  Qxe5 {[%clk 0:00:35]} 25. Qc6 {[%clk 0:00:21]}  Qxe3+ {[%clk 0:00:34]} 26. Kh2 {[%clk 0:00:18]}  Qf4+ {[%clk 0:00:34]} 27. Kg1 {[%clk 0:00:16]}  Qe3+ {[%clk 0:00:34]} 28. Kh2 {[%clk 0:00:15]}  Qxc3 {[%clk 0:00:34]} 29. Bxc5 {[%clk 0:00:07]}  Qxc2 {[%clk 0:00:19]} 30. Bxf8 {[%clk 0:00:06]}  Rxf8 {[%clk 0:00:19]} 31. Qd7 {[%clk 0:00:06]}  Bf1 {[%clk 0:00:16]} 32. Qg4 {[%clk 0:00:05]}  h5 {[%clk 0:00:12]} 33. Qg3 {[%clk 0:00:04]}  Qxa2 {[%clk 0:00:08]} 34. Rd7 {[%clk 0:00:04]}  Qxg2+ {[%clk 0:00:06]} 35. Qxg2 {[%clk 0:00:04]}  Bxg2 {[%clk 0:00:07]} 36. Kxg2 {[%clk 0:00:05]}  Ra8 {[%clk 0:00:07]} 37. Rxd5 {[%clk 0:00:05]}  a5 {[%clk 0:00:07]} 38. Rd3 {[%clk 0:00:05]}  a4 {[%clk 0:00:08]} 39. Ra3 {[%clk 0:00:05]}  Kf8 {[%clk 0:00:08]} 40. Kg3 {[%clk 0:00:06]}  g5 {[%clk 0:00:09]} 41. Kf3 {[%clk 0:00:05]}  f5 {[%clk 0:00:09]} 42. Ke3 {[%clk 0:00:04]}  Kf7 {[%clk 0:00:09]} 43. Kd4 {[%clk 0:00:04]}  Kf6 {[%clk 0:00:10]} 44. Kd5 {[%clk 0:00:04]}  g4 {[%clk 0:00:10]} 45. hxg4 {[%clk 0:00:03]}  hxg4 {[%clk 0:00:11]} 46. Kc4 {[%clk 0:00:02]}  Kg5 {[%clk 0:00:12]} 47. Kb4 {[%clk 0:00:02]}  f4 {[%clk 0:00:12]} 48. Rc3 {[%clk 0:00:02]}  g3 {[%clk 0:00:13]} 49. Rc5+ {[%clk 0:00:02]}  Kg4 {[%clk 0:00:13]} 50. Ka3 {[%clk 0:00:03]}  Kf3 {[%clk 0:00:13]} 51. Rc6 {[%clk 0:00:03]}  g2 {[%clk 0:00:14]} 52. Rg6 {[%clk 0:00:03]}  Kf2 {[%clk 0:00:14]} 53. Rf6 {[%clk 0:00:02]}  f3 {[%clk 0:00:14]} 54. Rg6 {[%clk 0:00:02]}  g1=Q {[%clk 0:00:14]} 55. Rxg1 {[%clk 0:00:00]}  Kxg1 {[%clk 0:00:15]} 0-1

[Event "April 9 Early 2024"]
[Site "Chess.com"]
[Date "2024.04.09"]
[Round "9"]
[White "Mende, Andreas"]
[Black "Emeliantsev, Anatoliy"]
[Result "1-0"]
[Board "187"]
[WhiteFideId "4631102"]
[BlackFideId "4160681"]
[WhiteTitle "CM"]
[BlackTitle "FM"]
[WhiteElo "2014"]
[BlackElo "2249"]
[WhiteTeam "GER"]
[BlackTeam "RUS"]
[WhiteClock "0:00:38"]
[BlackClock "0:00:03"]
[Variant "Standard"]

1. c4 {[%clk 0:02:59]}  Nf6 {[%clk 0:02:59]} 2. g3 {[%clk 0:03:00]}  g6 {[%clk 0:03:00]} 3. Bg2 {[%clk 0:03:00]}  Bg7 {[%clk 0:03:00]} 4. Nc3 {[%clk 0:03:01]}  O-O {[%clk 0:03:01]} 5. e4 {[%clk 0:03:01]}  d6 {[%clk 0:03:02]} 6. Nge2 {[%clk 0:03:01]}  e5 {[%clk 0:02:56]} 7. O-O {[%clk 0:03:00]}  h6 {[%clk 0:02:55]} 8. d3 {[%clk 0:03:00]}  Be6 {[%clk 0:02:55]} 9. h3 {[%clk 0:02:58]}  a5 {[%clk 0:02:54]} 10. Be3 {[%clk 0:02:57]}  Nbd7 {[%clk 0:02:54]} 11. f4 {[%clk 0:02:57]}  exf4 {[%clk 0:02:47]} 12. gxf4 {[%clk 0:02:57]}  Nc5 {[%clk 0:02:43]} 13. d4 {[%clk 0:02:47]}  Ncxe4 {[%clk 0:02:36]} 14. Nxe4 {[%clk 0:02:45]}  Nxe4 {[%clk 0:02:33]} 15. Bxe4 {[%clk 0:02:44]}  Bxh3 {[%clk 0:02:24]} 16. Bg2 {[%clk 0:02:44]}  Bxg2 {[%clk 0:02:20]} 17. Kxg2 {[%clk 0:02:44]}  Re8 {[%clk 0:02:19]} 18. Qd2 {[%clk 0:02:43]}  d5 {[%clk 0:02:17]} 19. c5 {[%clk 0:02:41]}  Qd7 {[%clk 0:02:11]} 20. Rf3 {[%clk 0:02:37]}  Re7 {[%clk 0:01:56]} 21. Ng3 {[%clk 0:02:33]}  Rae8 {[%clk 0:01:55]} 22. f5 {[%clk 0:02:28]}  g5 {[%clk 0:00:40]} 23. Bxg5 {[%clk 0:01:46]}  hxg5 {[%clk 0:00:27]} 24. Qxg5 {[%clk 0:01:44]}  f6 {[%clk 0:00:23]} 25. Qg6 {[%clk 0:01:38]}  Re3 {[%clk 0:00:14]} 26. Nh5 {[%clk 0:01:35]}  Re2+ {[%clk 0:00:11]} 27. Kg3 {[%clk 0:01:33]}  Qf7 {[%clk 0:00:07]} 28. Qxg7+ {[%clk 0:01:17]}  Qxg7+ {[%clk 0:00:07]} 29. Nxg7 {[%clk 0:01:17]}  Kxg7 {[%clk 0:00:07]} 30. Rb1 {[%clk 0:01:17]}  c6 {[%clk 0:00:06]} 31. a3 {[%clk 0:01:15]}  a4 {[%clk 0:00:05]} 32. b4 {[%clk 0:01:14]}  Rh8 {[%clk 0:00:05]} 33. b5 {[%clk 0:01:12]}  Rhh2 {[%clk 0:00:04]} 34. Rg1 {[%clk 0:01:04]}  Kf7 {[%clk 0:00:01]} 35. bxc6 {[%clk 0:01:04]}  bxc6 {[%clk 0:00:01]} 36. Rd3 {[%clk 0:00:54]}  Rd2 {[%clk 0:00:02]} 37. Rd1 {[%clk 0:00:51]}  Rxd1 {[%clk 0:00:02]} 38. Rxd1 {[%clk 0:00:51]}  Ra2 {[%clk 0:00:03]} 39. Rd3 {[%clk 0:00:51]}  Kg7 {[%clk 0:00:04]} 40. Kf4 {[%clk 0:00:51]}  Kh6 {[%clk 0:00:04]} 41. Rh3+ {[%clk 0:00:50]}  Kg7 {[%clk 0:00:05]} 42. Re3 {[%clk 0:00:48]}  Kh6 {[%clk 0:00:04]} 43. Re6 {[%clk 0:00:47]}  Kg7 {[%clk 0:00:04]} 44. Rxc6 {[%clk 0:00:47]}  Rxa3 {[%clk 0:00:04]} 45. Rc7+ {[%clk 0:00:46]}  Kh6 {[%clk 0:00:04]} 46. Rc6 {[%clk 0:00:43]}  Rd3 {[%clk 0:00:05]} 47. Rxf6+ {[%clk 0:00:43]}  Kg7 {[%clk 0:00:06]} 48. Rg6+ {[%clk 0:00:42]}  Kf7 {[%clk 0:00:07]} 49. Ke5 {[%clk 0:00:41]}  Re3+ {[%clk 0:00:06]} 50. Kxd5 {[%clk 0:00:41]}  a3 {[%clk 0:00:06]} 51. Ra6 {[%clk 0:00:40]}  a2 {[%clk 0:00:05]} 52. Rxa2 {[%clk 0:00:39]}  Kf6 {[%clk 0:00:06]} 53. Rc2 {[%clk 0:00:38]}  Kxf5 {[%clk 0:00:06]} 54. c6 {[%clk 0:00:38]}  Re8 {[%clk 0:00:03]} 55. c7 {[%clk 0:00:38]} 1-0